01174nam a2200277 a 450000100100000000500170001000800410002704000250006808200180009310000280011124000780013924500950021726000390031230000210035149000160037259000750038850000270046365100370049065100330052765100460056070000380060691000370064404900090068195201890069099900170087900003475020200930073900.0111019s1979 mx 000 0 spa d aDO-SdBNPbspacBNPHU a972.91bT967b1 aTuttino, Saverio96023010aStoria delle rivoluzioni del xx secolo : La rivoluzione cubanalespañol10aBreve historia de la revolución cubana /cSaverio Tuttino ; traductor Ana María Palos. aMéxico, :bEdiciones Era,c1979. a233 p. ;c17 cm. 1aPopular Era aPerteneció a la biblioteca personal de Juan Isidro Jimenes Grullón aTraducido del italiano 4aCubaxHistoriay1933-1959911375 4aCubaxHistoriay1959-916982 4aCubaxHistoriayREVOLUCIÓN, 193391937512aPalos, Ana María,atrad.960231 aValidado. Control de calidad MFF aBNGR 001050718MOaGRbGRcHDd2011-10-19iLF1l0o972.91 T967bp34750-10r2020-06-25w2020-06-25y1zPerteneció a la biblioteca personal de Juan Isidro Jimenes GrullónZNo se presta c34241d34241